000 00497nam a2200181Ia 4500
005 20250603144954.0
008 250603s9999 xx 000 0 und d
020 _a9781137509864
050 _aZA 3075 .F67/
100 _aEdited by Leslie P. Willcocks; Chris Sauer & Mary C. Lacity
245 0 _aFormulating research methods for information systems (Vol.2)
260 _aNew York
260 _bPalgrave macmillan
260 _c2015
300 _a357 p
650 _aNew York
942 _cBK
999 _c40496
_d40496